LEADER 01402nam a2200289 4500 001 000000364753 003 CaOOAMICUS 005 20251028113055.0 008 251020s2020 it o 000 u ita r 020 $a978-88-7229-832-9 040 $aSeMil$bita 100 1 $aPastori, Leopoldo,$d<1939-1996>.$0(OLS)http://semarc/name/122978 245 10$aTutto di Dio, tutto dei fratelli :$bdiario /$cLeopoldo Pastori ; a cura di Vito Del Prete e Giovanni Musi ; con riflessioni teologico-spirituali di mons. Juan Esquerda Bifet. 264 1$aRoma :$bOCD,$c2020. 300 $a182 p., [8] p. di tav. :$bill. ;$c21 cm 490 1 $aEsperienze ;$v4 650 4$aSpiritualitā cristiana - Diari e memorie.$0(OLS)http://semarc/subject/5236 700 12$aMusi, Giovanni.$0(OLS)http://semarc/name/122979 700 12$aDel Prete, Vito,$c.$0(OLS)http://semarc/name/70184 700 12$aEsquerda Bifet, Juan,$c.$0(OLS)http://semarc/name/16704 830 0$aEsperienze ;$v4.$0(OLS)http://semarc/title/7378 850 $aSeMil 852 $aSeMil$W1$xVenegono$y1$m2C VII 106$j263895$B255729$CSeMilBibl$Z2$F255729 $81 996 $6020$a978-88-7229-832-9$9(OLS)http://semarc/number/304378 996 $6245$aTutto di Dio, tutto dei fratelli :$bdiario$9(OLS)http://semarc/title/456234 996 $6264$aRoma :$bOCD$9(OLS)http://semarc/publisher/32103 LEADER 01274nam a2200253 4500 001 000000365688 003 CaOOAMICUS 005 20260204125248.0 008 251210s2002 it a 000 u ita r 040 $aSeMil$bita 110 2 $aChiesa Cattolica.$0(OLS)http://semarc/name/987 245 10$aEvangeliario per le domeniche, solennitā e feste dell'anno liturgico secondo il rito romano e ambrosiano. 264 1$aMilano :$bĀncora,$c2002. 300 $aXIX, 362 p. :$bill. ;$c31 cm 500 $aA pič del front. : Il cardinale arcivescovo Carlo Maria Martini alle parrocchie della Chiesa Ambrosiana a ricordo del Suo Ministero episcopale 650 4$aLibri liturgici - Messale romano - Evangeliari.$0(OLS)http://semarc/subject/59422 650 4$aLibri liturgici - Messale ambrosiano - Evangeliari.$0(OLS)http://semarc/subject/59425 850 $aSeMil 852 $aSeMil$W1$xVenegono$y1$m3KK VII 25$j266983$B256498$CSeMilBibl$Z2$F256498 $81 910 2 $aSanta Sede. 996 $6245$aEvangeliario per le domeniche, solennitā e feste dell'anno liturgico secondo il rito romano e ambrosiano$9(OLS)http://semarc/title/457320 996 $6264$aMilano :$bĀncora$9(OLS)http://semarc/publisher/29763